[Event "Barra de Sao Miguel op"]
[Site "Barra de Sao Miguel"]
[Date "2019.10.13"]
[Round "7"]
[White "Dos Santos, Hevylla Crislanne G"]
[Black "Da Silva, Maycon Tenorio"]
[Result "0-1"]
[WhiteElo "1798"]
[BlackElo "1800"]
[PlyCount "32"]
[EventDate "2019.10.10"]
[EventType "swiss"]
[EventRounds "7"]
[EventCountry "BRA"]
[SourceTitle "CBM 192 Extra"]
[Source "Chessbase"]
[SourceDate "2019.11.06"]
[SourceVersion "1"]
[SourceVersionDate "2019.11.06"]
[SourceQuality "1"]

1. e4 e5 2. Nf3 Nc6 3. Nc3 Nf6 4. b3 Nd4 5. Nxe5 Nxe4 6. Nxe4 Qe7 7. f4 d6 8. Bb2 dxe5 9. fxe5 Qxe5 10. Bd3 Bf5 11. 0-0 Bxe4 12. Re1 f5 13. Rc1 0-0-0 14. Kh1 Bd6 15. Kg1 Qxh2+ 16. Kf2 Qg3+ 0-1